| 000 | 00470cam a22001337a 4500 | ||
|---|---|---|---|
| 008 | 180718b1965 xxu||||| |||| 00| 0 eng d | ||
| 082 | _aT39 J632 | ||
| 100 | _aJohnson, Harry G. | ||
| 245 |
_aThe world economy at the crossroads: a survey of current problems of money, trade and economic development _cby Harry G. Johnson |
||
| 260 |
_aLondon _bOxford University Press _c1965 |
||
| 300 | _a106p. | ||
| 650 | _aInternational Economic Relations | ||
| 650 | _aForeign Commerce | ||
| 999 |
_c371626 _d371626 |
||